Official manual and constitution book of the War department beneficial association, (Record no. 14962)

MARC details
000 -LEADER
fixed length control field 00944cam a22002171 4500
001 - CONTROL NUMBER
control field ca 17000520
003 - CONTROL NUMBER IDENTIFIER
control field DLC
005 - DATE AND TIME OF LATEST TRANSACTION
control field 20260227111102.0
008 - FIXED-LENGTH DATA ELEMENTS--GENERAL INFORMATION
fixed length control field 810622s1900 xx ac 000 0 eng
010 ## - LIBRARY OF CONGRESS CONTROL NUMBER
LC control number ca 17000520
035 ## - SYSTEM CONTROL NUMBER
System control number (OCoLC)14804303
040 ## - CATALOGING SOURCE
Original cataloging agency DLC
Transcribing agency DNLM
Modifying agency OCoLC
-- DLC
042 ## - AUTHENTICATION CODE
Authentication code premarc
050 00 - LIBRARY OF CONGRESS CALL NUMBER
Classification number HG9243
Item number .W25
060 0# - NATIONAL LIBRARY OF MEDICINE CALL NUMBER
Classification number HG 9243
Item number W253o 1900
110 2# - MAIN ENTRY--CORPORATE NAME
Corporate name or jurisdiction name as entry element War Department Beneficial Association.
245 10 - TITLE STATEMENT
Title Official manual and constitution book of the War department beneficial association,
Remainder of title containing: constitution, by-laws, history of association, benefits derived therefrom, portraits and biographical sketches of the heads of various departments, bureaux or offices and other interesting matter relating to the War department, army, etc.
260 ## - PUBLICATION, DISTRIBUTION, ETC.
Place of publication, distribution, etc. Washington, D.C.,
Name of publisher, distributor, etc. War department,
Date of publication, distribution, etc. 1900.
300 ## - PHYSICAL DESCRIPTION
Extent 152 p.
Other physical details ill., ports.
500 ## - GENERAL NOTE
General note Advertising matter interspersed; p. 86-152, advertisements.

No items available.

Powered by Koha